México y los países de renta media en la cooperación para el desarrollo (notice nᵒ 2575)
[ vue normale ]
| 000 -Sello discográfico | |
|---|---|
| campo de control de longitud fija | 01430nam a2200349 4500 |
| 005 - Identificación de versión | |
| campo de control | 20251016083339.0 |
| 010 ## - Número Estándar Internacional de Libros (ISBN) | |
| Número (ISBN) | 978-607-7613-26-8 (Instituto Mora) |
| 010 ## - Número Estándar Internacional de Libros (ISBN) | |
| Número (ISBN) | 978-607-7629-22-1 (Flacso - México) |
| 010 ## - Número Estándar Internacional de Libros (ISBN) | |
| Número (ISBN) | 978-84-87082-46-7 (Cideal) |
| 035 ## - Otros números de control del sistema | |
| Número de control del sistema | 5344 |
| 099 ## - fechas locales | |
| Tipo de ítem Koha | LIBRO |
| 100 ## - Datos de procesamiento general | |
| Datos de procesamiento general | 20120113d2009 m y1spay5003 ba |
| 105 ## - Campo de datos codificados: Material textual, monográfico | |
| Datos codificados de monografía | a 101zy |
| 200 1# - Título y mención de responsabilidad | |
| Título propio | México y los países de renta media en la cooperación para el desarrollo |
| Designación general del material | texto impreso |
| Otra información del título | ¿ hacia dónde vamos ? |
| Primer mención de responsabilidad | Coordinación Citlali Ayala Martínez, Jorge A. Pérez Pineda |
| 205 ## - Declaración de edición | |
| Declaración de edición | 1a ed |
| 210 ## - Publicación, distribución, etc. | |
| Lugar de publicación, distribución, etc. | México |
| Nombre del editor, distribuidor, etc. | Instituto de Investigaciones Dr. José María Luis Mora |
| -- | Facultad Latinoamericana de Ciencias Sociales, sede México |
| -- | Fundación CIDEAL de Cooperación e Investigación |
| Fecha de publicación, distribución, etc. | 2009 |
| 215 ## - Descripción física | |
| Designación de material específico y extensión del ítem | 487 p |
| Otras características físicas | il. |
| Dimensiones | 23 cm |
| 320 ## - Nota de índices/bibliografías internas | |
| Texto de la nota | Incluye referencias bibliográficas |
| 345 ## - Nota de información de adquisición | |
| Fuente de adquisición/dirección de la suscripción [OBSOLETO] | Intercambio Instituto de Investigaciones Dr. José María Luis Mora |
| 606 ## - Término temático usado como materia | |
| Elemento de entrada | Asistencia económica |
| Subdivisión geográfica | Países subdesarrollados |
| Número Koha | 5858 |
| 606 ## - Término temático usado como materia | |
| Elemento de entrada | Desarrollo económico |
| Número Koha | 3042 |
| 660 ## - Código de área geográfica | |
| Código | MX |
| 702 ## - Nombre personal - Responsabilidad secundaria | |
| Elemento de entrada | Ayala Martínez |
| Parte del nombre distinta del elemento de entrada | Citlali |
| Número Koha | 5859 |
| 702 ## - Nombre personal - Responsabilidad secundaria | |
| Elemento de entrada | Pérez Pineda |
| Parte del nombre distinta del elemento de entrada | Jorge Antonio |
| Número Koha | 5860 |
| 801 #0 - Fuente de origen | |
| País | FR |
| Agencia | cm |
| Reglas de catalogación (convenciones descriptivas) | AFNOR |
| 900 ## - | |
| -- | 1/15521 |
| 900 ## - | |
| -- | 710987088\\300198 |
| 942 ## - ELEMENTOS DE ENTRADA SECUNDARIOS (KOHA) | |
| Tipo de ítem Koha | Livre |
| 996 ## - | |
| -- | MEX |
| -- | 751145101 |
| -- | MMAG |
| -- | 001359 |
| -- | 338.91 M611 |
| -- | 20120113LIV |
| Estatus retirado | Estado de daño | Estado de pérdida | Fecha de adquisición | Biblioteca de origen | Biblioteca actual | Ubicación en estantería | Código de barras | Precio de reemplazo | Signatura topográfica completa | No para préstamo | Tipo de ítem Koha | Nota pública | Nota no pública |
|---|---|---|---|---|---|---|---|---|---|---|---|---|---|
| 05/08/2025 | Casa México Paris | Casa México Paris | 001359 | 05/08/2025 | 338.91 M611 | Livre | 20120113LIV | 751145101 |